00574nam a2200169 4500001000700000003000900007005001700016007000300033008004100036020001700077100002900094245016200123260003300285300003400318700002000352852003200372107910ES-MaACL20230906184524.0t|061121s1985 fr r ||||1| fre d a2-7178-813-21 aMolinie-Bertrand, Annie.10aAu siècle d'or, l'Espagne et ses hommes b: la population du Royaume de Castille au XVIe siècle / cAnnie Molinié-Bertrand; préface de Pierre Chaunu. aParis : bEconomica, c1985. aIV, 445 p. : bil. ; c24 cm.1 aChaunu, Pierre. aES-MaACLjL-8929 bR.110603